000 00549nam a2200181Ia 4500
008 100917s9999 xx 000 0 und d
082 _b10583
100 _aसालगांवकर शशिकला
245 _aजंगलची जादू
260 _bरम्यकथा प्रकाशन
_c1971
300 _a24
365 _b0.25
520 _aबालविभाग
630 _aजंगलची जादू
650 _aबालविभाग
730 _aजंगलची जादू
942 _cBOOK
999 _c615977
_d615974